| 000 | 00759nam a2200277Ia 4500 | ||
|---|---|---|---|
| 008 | 170203s9999 xx 000 0 und d | ||
| 020 | _a9780545113229 | ||
| 050 | _aFic | ||
| 050 | _bF297i | ||
| 100 | _aFeigh, Alison. | ||
| 245 | _aI can play it safe / | ||
| 245 | _cby Alison Feigh ; illustrated by Laura Logan. | ||
| 260 | _aNew York : | ||
| 260 | _bScholastic, | ||
| 260 | _c©2008. | ||
| 300 | _a32 pages : | ||
| 300 | _bcolor illustrations ; | ||
| 300 | _c20 x 26 cm | ||
| 650 | _aChildren and strangers -- | ||
| 650 | _aSafety education -- | ||
| 650 | _aSelf-defense for children -- | ||
| 650 | _xJuvenile literature. | ||
| 650 | _xJuvenile literature. | ||
| 650 | _xJuvenile literature. | ||
| 700 | _aLogan, Laura. Ill. | ||
| 999 |
_c306606 _d306606 |
||